| 000 | 00454nam a2200193Ia 4500 | ||
|---|---|---|---|
| 003 | OSt | ||
| 005 | 20250903144406.0 | ||
| 008 | 250729s2005 xx 000 0 und d | ||
| 020 | _a978-8176488440 | ||
| 040 | _cAL | ||
| 041 | _aeng | ||
| 082 | _a420.7 JESE | ||
| 100 |
_aJesa M _9222423 |
||
| 245 | _aEfficient english teaching | ||
| 260 |
_aNew Delhi _bA P H Publishing _c2005 |
||
| 300 | _a200p | ||
| 650 |
_aEnglish _9222424 |
||
| 942 |
_2ddc _cBED |
||
| 999 |
_c235455 _d235455 |
||